000 00433nam a2200145Ia 4500
041 _aKurdish
082 _a345 cut-87 خ
100 _a20260118u\\\\\\\\\\\y0engy0103\\\\ba
100 _aعلي حسين الخلف
245 0 _aبنەماگشتییەکانى یاساى سزاکان چاپى سێییەم
250 _aچ1
260 _bچاپخانەیى ئەحمدى خان
_aسوران
_c2014
300 _a592
942 _cBk
999 _c188546
_d188546